Statistics for Manchester City F.C. 2019/2020 Squad

Click here to take the quiz!

General Stats

  • This quiz has been taken 402 times
    (358 since last reset)
  • The average score is 21 of 24

Answer Stats

No.Answer% Correct
10Argentina (FW)Sergio Agüero
99%
5England (DF)John Stones
97%
7England (FW)Raheem Sterling
97%
1Chile (GK)Claudio Bravo
96%
21Spain (MF)David Silva
96%
2England (DF)Kyle Walker
95%
31Brazil (GK)Ederson
95%
9Brazil (FW)Gabriel Jesus
95%
20Portugal (MF)Bernardo Silva
95%
17Belgium (MF)Kevin De Bruyne
94%
26Algeria (MF)Riyad Mahrez
91%
-Spain (MAN)Pep Guardiola
91%
8Germany (MF)İlkay Gündoğan
91%
30Argentina (DF)Nicolás Otamendi
88%
11Ukraine (MF)Oleksandr Zinchenko
88%
25Brazil (MF)Fernandinho
87%
14France (DF)Aymeric Laporte
86%
22France (DF)Benjamin Mendy
86%
19Germany (MF)Leroy Sané
85%
47England (MF)Phil Foden
84%
27Portugal (DF)João Cancelo
80%
16Spain (MF)Rodrigo
67%
12Spain (DF)Angeliño
51%
32England (GK)Daniel Grimshaw
28%

Score Distribution

Percentile by Number Answered

Percent of People with Each Score

Your Score History

You have not taken this quiz since the last reset